Antología poética

محفوظ في:
التفاصيل البيبلوغرافية
المؤلف الرئيسي: Bernárdez, Francisco Luis (مؤلف)
التنسيق: كتاب
اللغة:الإسبانية
منشور في: Buenos Aires Espasa-Calpe 1946
سلاسل:Colección Austral
الموضوعات:
الوسوم: إضافة وسم
لا توجد وسوم, كن أول من يضع وسما على هذه التسجيلة!

MARC

LEADER 00000nam a2200000 a 4500
001 UCY8342
003 CL-VaPUC
008 950703e19460000AG |||||||||||||||||spa|d
082 0 4 |a Ar861  |b BER  |2 21 
100 |a Bernárdez, Francisco Luis  |e author  |9 543500 
245 1 0 |a Antología poética 
300 |a 231 p 
942 |c BK 
945 |d 19950703 00:00:00  |a rbrito 
260 |a Buenos Aires  |b Espasa-Calpe  |c 1946 
650 0 |a Poesía argentina  |9 265575 
583 |a last modification  |c 19950703 00:00:00  |k Rodrigo Vera 
490 0 |a Colección Austral 
999 |c 235610  |d 235608 
952 |0 0  |1 0  |4 0  |6 AR_861_000000000000000_BER_1946  |7 0  |8 A  |9 243140  |a BIBEDU  |b BIBEDU  |d 2019-11-18  |i 3101444  |o Ar861 BER 1946  |p 3101444  |r 2019-11-18  |w 2019-11-18  |y BK  |k LIT